00458nam a22001577a 450000500170000001000130001703500130003003700130004308200110005610000180006724500640008526000510014927000580020030000210025850000210027920180714175231.0 aA-423690 aA-423690 bBPPD/PUB a615.53 aBell James B. ahomoeopathic therapeutics of Diarrhoea /cby James B. Bell  aNew Delhi bB. Jain Publishers (P) Ltd. c1990 a1921, Street no.10 Chuna Mandi Paharganj bNew Delhi  a316p.c22cm (HB) aIncludes Index.